000 00673nam a2200229Ia 4500
001 9339
003 GE_BSU
008 181216s||||||||xx |||||||||||||| ||und||
040 _cGE_BSU
080 _a821.353.1-32
100 _aლორთქიფანიძე,ნიკო
245 _aქედუხრელნი
245 _bმოთხრობები
245 _cრედ.ბ.ჟღენტი
260 _aთბილისი
260 _bსაბჭოთა მწერალი
260 _c1946
300 _a136გვ.23სმ.
653 _aმოთხრობები
653 _aქედუხრელნი
942 _cBK
999 _c42635
_d42635